| 000 | 00451nam a22001457a 4500 | ||
|---|---|---|---|
| 082 |
_a603 _bWAY _cL-078,P98 |
||
| 100 |
_aSimon & Schuster _940234 |
||
| 245 |
_aThe Way Things Work: An Illustrated Encyclopedia of Technology _cSimon & Schuster |
||
| 260 |
_aNew yark.: _bSimon & Schuster _c1971 |
||
| 300 | _a2 vol, | ||
| 526 |
_a0 _b0 _c0 _d603_000000000000000_WAY |
||
| 526 |
_a0 _b0 _c0 _d603_000000000000000_WAY |
||
| 650 |
_aMCE _9379 |
||
| 942 |
_2ddc _cBK |
||
| 999 |
_c544575 _d544575 |
||